El tiempo de los derechos. Los derechos humanos en el siglo XXI

সংরক্ষণ করুন:
গ্রন্থ-পঞ্জীর বিবরন
প্রধান লেখক: Revenga Sánchez, Miguel (Author), Cuenca Gómez, Patricia (Author)
বিন্যাস: গ্রন্থ
ভাষা:স্প্যানিশ
প্রকাশিত: Madrid Dykinson 2015
বিষয়গুলি:
ট্যাগগুলো: ট্যাগ যুক্ত করুন
কোনো ট্যাগ নেই, প্রথমজন হিসাবে ট্যাগ করুন!

MARC

LEADER 00000cam a2200000 a 4500
001 UCC9200
003 CL-VaPUC
008 190914e20150000sp |||||||||||||||||spa|d
020 |a 9788490855669 
082 0 4 |a 340.112  |b REV  |2 21 
100 0 |a Revenga Sánchez, Miguel  |e author  |9 604119 
700 0 |a Cuenca Gómez, Patricia  |e author  |9 604120 
245 1 3 |a El tiempo de los derechos. Los derechos humanos en el siglo XXI 
300 |a 254 p 
942 |c BK 
945 |d 20190914 23:07:00  |a cmena 
260 |a Madrid  |b Dykinson  |c 2015 
650 0 |a Derechos humanos  |9 223025 
650 0 |a Filosofía del derecho   |9 255050 
650 0 |a Derechos civiles  |9 255655 
650 0 |a Historia del derecho  |9 255109 
650 0 |a Tratados internacionales   |9 256056 
650 0 |a Tribunales internacionales   |9 256072 
583 |a last modification  |c 20190914 23:07:00  |k Rodrigo Vera 
999 |c 375394  |d 375392 
952 |0 0  |1 0  |3 erb  |4 0  |6 340_112000000000000_REV_2015  |7 0  |8 WP_COW  |9 561335  |a BIBDER  |b BIBDER  |e Fundación W and P Cowley  |i 559975K  |o 340.112 REV 2015  |p 559975K  |r 2023-01-25  |w 2020-03-12  |y BK  |z Catalogado en:20190914  |k WPC